رشکِ قمَ ر / (Record no. 107230)

MARC details
000 -LEADER
fixed length control field 00828nam a22002537a 4500
005 - DATE AND TIME OF LATEST TRANSACTION
control field 20170123162323.0
010 ## - LIBRARY OF CONGRESS CONTROL NUMBER
LC control number A-228323
020 ## - INTERNATIONAL STANDARD BOOK NUMBER
Terms of availability 20.00
035 ## - SYSTEM CONTROL NUMBER
System control number A-228323
037 ## - SOURCE OF ACQUISITION
Source of stock number/acquisition Cen Lib/Ret
040 ## - CATALOGING SOURCE
Original cataloging agency DPL
Language of cataloging UR
082 ## - DEWEY DECIMAL CLASSIFICATION NUMBER
Classification number 841
Item number ق م ر
100 ## - MAIN ENTRY--PERSONAL NAME
Personal name قمر جلال آبادی
9 (RLIN) 118079
245 ## - TITLE STATEMENT
Title رشکِ قمَ ر /
Statement of responsibility, etc قمر جلال آبادی
246 ## - VARYING FORM OF TITLE
Title proper/short title Rashq-e-qamar /
Remainder of title by Qmar Jalal Abadi
260 ## - PUBLICATION, DISTRIBUTION, ETC. (IMPRINT)
Name of publisher, distributor, etc ماڈرن پبلشنگ ہاؤس
Place of publication, distribution, etc نیی دہلی
Date of publication, distribution, etc 1984
270 ## - ADDRESS
Address ٩، گولہ مارکیٹ دریاگنج
City نیی دہلی
Postal code 110002
300 ## - PHYSICAL DESCRIPTION
Extent 88p.
Dimensions 21cm(Hb)
650 ## - SUBJECT ADDED ENTRY--TOPICAL TERM
Topical term or geographic name as entry element اوردو ادب
9 (RLIN) 108872
650 ## - SUBJECT ADDED ENTRY--TOPICAL TERM
Topical term or geographic name as entry element اوردو نظم
9 (RLIN) 108872
650 ## - SUBJECT ADDED ENTRY--TOPICAL TERM
Topical term or geographic name as entry element Urdu literature
9 (RLIN) 118080
650 ## - SUBJECT ADDED ENTRY--TOPICAL TERM
Topical term or geographic name as entry element Urdu poetry
9 (RLIN) 118081
942 ## - ADDED ENTRY ELEMENTS (KOHA)
Source of classification or shelving scheme Dewey Decimal Classification
Koha item type Urdu Bks
Classification part 841
Call number suffix ق م ر
Holdings
Withdrawn status Lost status Damaged status Not for loan Home library Current library Date acquired Source of acquisition Cost, normal purchase price Total Checkouts Full call number Barcode Date last seen Copy number Cost, replacement price Price effective from Koha item type
        Central Library Central Library 04/01/2016 Cen Lib/Ret 20.00   841 ق م ر A-228323 04/01/2016 1 20.00 04/01/2016 Urdu Bks

© Delhi Public Library
Hit Counter
free hit counter